| 000 | 00764nam a22002415a 4500 | ||
|---|---|---|---|
| 005 | 20161113112550.0 | ||
| 008 | 161113s2015 nyua frd 001 0 eng d | ||
| 020 | _a9789814646369 | ||
| 020 | _a9814646369 | ||
| 040 |
_aEG-ScBUE _beng _cEG-ScBUE _dEG-ScBUE |
||
| 082 | 0 | 4 |
_222 _a302.23 _bDOM |
| 100 | 1 | _aDominick, Joseph R. | |
| 245 | 1 | 0 |
_aThe dynamics of mass communication : _bmedia in transition / _cJoseph R. Dominick. |
| 250 | _a12th ed., McGraw-Hill international ed. | ||
| 260 |
_aNew York : _bMcGraw-Hill Education, _c2015. |
||
| 300 |
_axxi, 470 p. : _bill. ; _c28 cm. |
||
| 500 | _aGlossary : p. 453-459. | ||
| 500 | _aIndex : p. 462-470. | ||
| 650 | 7 |
_2BUEsh _99699 _aMass media. |
|
| 651 | _2BUEsh | ||
| 653 |
_bCOMAME _cNovember2016 |
||
| 942 | _2ddc | ||
| 999 |
_c23092 _d23064 |
||